LEADER 01115nam a2200253 i 4500 001 000000034897 003 CaOOAMICUS 005 20240424114339.0 008 041005s1985 it u000 u ita u 013 $a2253 040 $aSeMil$bita 245 10$aEucarestia :$bpiccole immagini popolari. 250 $aEsemplare n. 125. 260 $aCampofilone (AP) :$bCooperativa Culturale Confronto e Rinnovamento,$c1985. 300 $a123 p. :$briccamente ill. ;$c21x22 cm. 500 $aIn occhietto : Selezioni di immagini. - Catalogo della 5. Mostra delle Immaginette Sacre tenuta a Campofilone nel 1985. 650 4$aEucaristia - Iconografia.$0(OLS)http://semarc/subject/6117 650 4$aImmagini sacre.$0(OLS)http://semarc/subject/6118 850 $aSeMil 852 $aSeMil$W1$xVenegono$y1$m5H XVI 124$j1052$B1052$CSeMilBibl$Z2$F1052 $81 961 $aOmaggio: Donazione 996 $6245$aEucarestia :$bpiccole immagini popolari$9(OLS)http://semarc/title/47443 996 $6260$aCampofilone (AP) :$bCooperativa Culturale Confronto e Rinnovamento$9(OLS)http://semarc/publisher/39717 LEADER 00578nam a2200181 i 4500 001 000000111852 003 CaOOAMICUS 005 20030214000000.0 008 030214n it u000 u ita u 013 $a84534 040 $aSeMil$bita 245 10$a2. 300 $a350 p. 773 0 $aBosco, Giovanni $tScritti spirituali.$b2. ed.$dRoma : Cittą Nuova, copyr. 1976.$w()8479 850 $aSeMil 852 $aSeMil$W1$xVenegono$y1$m3H I 305 -$j67662$B67662$CSeMilBibl$Z2$F73870 $81 961 $aOmaggio: Donazione 996 $6245$a2$9(OLS)http://semarc/title/46889